[Event "Cochabamba Hurtado Memorial"]
[Site "Cochabamba"]
[Date "2023.08.04"]
[Round "1"]
[White "Cueto Chajtur, Johny"]
[Black "Antezana Choquechambi, Jose Ervin"]
[Result "1-0"]
[WhiteElo "2114"]
[BlackElo "1316"]
[PlyCount "49"]
[EventDate "2023.08.04"]
[EventType "swiss"]
[EventRounds "7"]
[EventCountry "BOL"]
[SourceTitle "CBM 215 Extra"]
[Source "ChessBase"]
[SourceDate "2023.09.30"]
[SourceVersion "1"]
[SourceVersionDate "2023.09.30"]
[SourceQuality "1"]

1. e4 e5 2. Nf3 Nf6 3. d4 Nxe4 4. dxe5 d5 5. Bd3 Be7 6. 0-0 0-0 7. Nbd2 Nxd2 8. Bxd2 Bg4 9. h3 Bh5 10. Re1 Nc6 11. c3 Re8 12. Bf1 Bxf3 13. Qxf3 Bg5 14. Bf4 Bxf4 15. Qxf4 Re6 16. Rad1 Ne7 17. Qd2 c6 18. f4 f6 19. Bd3 fxe5 20. f5 Rd6 21. Rxe5 c5 22. Bc4 Qc7 23. Bxd5+ Kh8 24. Rde1 Rxd5 25. Qxd5 1-0

[Event "Santa Cruz Dario Cup"]
[Site "Santa Cruz"]
[Date "2022.08.28"]
[Round "7"]
[White "Laura Cabrera, Jhon Magno"]
[Black "Cueto Chajtur, Johny"]
[Result "0-1"]
[WhiteElo "1472"]
[BlackElo "2183"]
[PlyCount "72"]
[EventDate "2022.08.26"]
[EventType "swiss"]
[EventRounds "7"]
[EventCountry "BOL"]
[SourceTitle "CBM 210 Extra"]
[Source "ChessBase"]
[SourceDate "2022.11.30"]
[SourceVersion "1"]
[SourceVersionDate "2022.11.30"]
[SourceQuality "1"]

1. e4 d6 2. Nf3 Nf6 3. Nc3 e5 4. d4 Nbd7 5. Bc4 Be7 6. dxe5 dxe5 7. 0-0 0-0 8. Bb3 c6 9. Be3 Qc7 10. Ng5 Nc5 11. Bxf7+ Rxf7 12. Nxf7 Kxf7 13. f4 Kg8 14. fxe5 Qxe5 15. Bd4 Qg5 16. Qf3 Bg4 17. Qf4 Qxf4 18. Rxf4 Ne6 19. e5 Nxf4 20. exf6 Bxf6 21. Bxf6 gxf6 22. Rf1 Ne2+ 23. Nxe2 Bxe2 24. Rf2 Ba6 25. Rxf6 Rf8 26. Rxf8+ Kxf8 27. Kf2 Ke7 28. Ke3 Kf6 29. Kf4 Be2 30. g3 Bd1 31. c4 c5 32. Ke3 Ke5 33. h3 Bc2 34. b3 Bb1 35. Kd2 Kd4 36. h4 h5 0-1

[Event "BOL-ch"]
[Site "Santa Cruz"]
[Date "2021.12.18"]
[Round "6"]
[White "Cueto Chajtur, Johny"]
[Black "Titichoca Daza, Daniel Henry"]
[Result "0-1"]
[WhiteElo "2241"]
[BlackElo "2112"]
[PlyCount "80"]
[EventDate "2021.12.15"]
[EventType "tourn"]
[EventRounds "9"]
[EventCountry "BOL"]
[SourceTitle "CBM 205 Extra"]
[Source "ChessBase"]
[SourceDate "2022.01.31"]
[SourceVersion "1"]
[SourceVersionDate "2022.01.31"]
[SourceQuality "1"]

1. d4 d5 2. e3 Nf6 3. Bd3 c5 4. c3 g6 5. dxc5 Bg7 6. b4 a5 7. Bb2 0-0 8. a3 b6 9. cxb6 Qxb6 10. Ne2 Nc6 11. b5 a4 12. bxc6 Qxb2 13. Nd2 Qb6 14. 0-0 Qxc6 15. Rb1 Qc5 16. Rb4 Ng4 17. Nf3 Bxc3 18. Nxc3 Qxc3 19. Bb5 Qxa3 20. Rxa4 Rxa4 21. Qxa4 Qxa4 22. Bxa4 Ba6 23. Ra1 Rb8 24. h3 Nf6 25. Bc6 Rb6 26. Ne5 Kg7 27. Ra5 e6 28. f3 h5 29. h4 Bb7 30. Bb5 Kf8 31. Kf2 Ke7 32. Kg3 Kf8 33. Kf4 Kg7 34. Kg3 Bc8 35. Bc6 Ba6 36. Ba4 Rd6 37. Rc5 d4 38. Rc7 dxe3 39. Rxf7+ Kg8 40. Rxf6 e2 0-1

[Event "American World Cup Q Prelim"]
[Site "Tornelo INT"]
[Date "2021.05.09"]
[Round "6"]
[White "Cueto Chajtur, Johny"]
[Black "Avila Pavas, Santiago"]
[Result "0-1"]
[WhiteElo "2241"]
[BlackElo "2373"]
[PlyCount "74"]
[EventDate "2021.05.08"]
[EventType "swiss (rapid)"]
[EventRounds "9"]
[EventCountry "USA"]
[SourceTitle "CBM 202 Extra"]
[Source "ChessBase"]
[SourceDate "2021.07.31"]
[SourceVersion "1"]
[SourceVersionDate "2021.07.31"]
[SourceQuality "1"]

1. d4 Nf6 2. Bf4 d5 3. e3 e6 4. Nf3 Bd6 5. Ne5 c5 6. c3 Qc7 7. Bg3 Ne4 8. f4 Nxg3 9. hxg3 Nc6 10. Bd3 h6 11. Qg4 g6 12. Nd2 h5 13. Qf3 Bd7 14. g4 h4 15. Qf2 Nxe5 16. dxe5 Be7 17. 0-0-0 0-0-0 18. Nf3 b5 19. Nxh4 c4 20. Bb1 b4 21. cxb4 Bxb4 22. Nf3 Qa5 23. a3 Bc5 24. Qd2 c3 25. Qxc3 Qxc3+ 26. bxc3 Bxe3+ 27. Kb2 Bxf4 28. Bd3 Kc7 29. c4 Ba4 30. Rxh8 Rxh8 31. Rb1 Bc6 32. Re1 a5 33. Kc3 a4 34. Rf1 Rb8 35. Bc2 dxc4 36. Nd4 Bxe5 37. Rxf7+ Kd6 0-1

[Event "American World Cup Q Prelim"]
[Site "Tornelo INT"]
[Date "2021.05.08"]
[Round "2"]
[White "Cueto Chajtur, Johny"]
[Black "Hoffman, Alejandro"]
[Result "0-1"]
[WhiteElo "2241"]
[BlackElo "2459"]
[PlyCount "88"]
[EventDate "2021.05.08"]
[EventType "swiss (rapid)"]
[EventRounds "9"]
[EventCountry "USA"]
[SourceTitle "CBM 202 Extra"]
[Source "ChessBase"]
[SourceDate "2021.07.31"]
[SourceVersion "1"]
[SourceVersionDate "2021.07.31"]
[SourceQuality "1"]

1. d4 Nf6 2. Bf4 c5 3. e3 Qb6 4. b3 g6 5. Nf3 Bg7 6. Be2 0-0 7. 0-0 d6 8. c3 Nbd7 9. h3 Re8 10. Qc1 a5 11. a4 Qxb3 12. Bb5 Qd5 13. Rd1 b6 14. Na3 Ba6 15. Bxa6 Rxa6 16. Nb5 Qc6 17. Rb1 Raa8 18. Qc2 Nd5 19. Bg3 cxd4 20. Nfxd4 Qc4 21. e4 N5f6 22. Re1 Rec8 23. Qb3 Qxb3 24. Nxb3 Rc4 25. f3 Rxa4 26. N3d4 Rc4 27. Rec1 Nh5 28. Bf2 Nf4 29. Rc2 h5 30. Kf1 Ne6 31. Ne2 a4 32. Ra2 Ra5 33. Na3 Rc6 34. Nb5 Nc7 35. Nxc7 Rxc7 36. Bxb6 Nxb6 37. Rxb6 Bxc3 38. Nxc3 Rxc3 39. Rb7 e6 40. Kf2 a3 41. Kg3 Kg7 42. h4 Kf6 43. Kf4 Ra4 44. Rb6 d5 0-1